| 000 | 00431nam a2200157 a 4500 | ||
|---|---|---|---|
| 005 | 20140310183149.0 | ||
| 008 | 020821s19uu xx 00 eng d | ||
| 020 | _a9710817795 | ||
| 050 |
_aPE 1628 _b.N532 1971 |
||
| 245 | _aThe new international webster dictionary / | ||
| 260 |
_aMandaluyong City : _bCacho Hermanos Inc., _c1971. |
||
| 300 |
_a188 p. : _c15 cm. |
||
| 650 | _aDictionary. | ||
| 942 |
_cBK _2lcc |
||
| 999 |
_c19626 _d19626 |
||